| Поле | Название | Значение |
| |
Тип записи |
i |
| |
Библиографический уровень |
m |
| 001 |
Контрольный номер |
LIBNET\0000434791 |
| 005 |
Дата корректировки |
20201206205022.2 |
| 010 |
Индекс ISBN |
__ |
| d |
Цена |
240-00 |
| 100 |
Данные общей обработки |
__ |
| a |
Данные общей обработки |
19161024d2013####||| 0rusy0189 ca |
| 101 |
Язык документа |
1_ |
| a |
Язык текста |
rus |
| c |
Язык оригинала |
eng |
| 102 |
Страна публикации |
__ |
| a |
Страна публикации |
RU| |
| 105 |
Кодированные данные (монография) |
__ |
| a |
Кодированные данные (монография) |
nn|||||||||zy |
| 127 |
Кодированные данные (звукозаписи-физические характеристики) |
__ |
| a |
Продолжительность проигрывания |
11 ч 20 мин |
| 200 |
Заглавие и сведения об ответственности |
1_ |
| a |
Заглавие |
1984 |
| e |
Сведения, относящиеся к заглавию |
[12+] |
| f |
Первые сведения об ответственности |
Джордж Оруэлл ; [перевод: Голышев В. П. ; читает Иван Литвинов] |
| b |
Общее обозначение материала |
Звукозапись |
| 210 |
Выходные данные |
__ |
| a |
Место издания |
Москва |
| c |
Издательство |
Аудиокнига |
| d |
Дата издания |
2013 |
| 215 |
Физическое описание |
__ |
| a |
Объем |
1 электрон. опт. диск (Audio CD) |
| c |
Иллюстрации/тип воспроизводства |
зв. |
| d |
Формат |
12х14 см |
| 230 |
Специфическая характеристика материала: электронные ресурсы |
__ |
| a |
Обозначение и объем ресурса |
Электронные звуковые данные |
| 300 |
Общие примечания |
__ |
| a |
Общие примечания |
Заглавие с этикетки диска |
| 323 |
Примечание о главных создателях, исполнителях, участниках |
__ |
| a |
Примечание о главных создателях, исполнителях, участниках |
Литвинов, И. (читает) |
| 330 |
Аннотация |
__ |
| a |
Аннотация |
Своеобразный антипод второй великой антиутопии ХХ века - «О дивный новый мир» Олдоса Хаксли. Что, в сущности, страшнее: доведенное до абсурда «общество потребления» - или доведенное до абсолюта «общество идеи»? По Оруэллу, нет и не может быть ничего ужаснее ТОТАЛЬНОЙ НЕ-СВОБОДЫ… |
| 333 |
Примечание о целевом назначении |
__ |
| a |
Примечание о целевом назначении |
12+. Для детей старше 12 лет |
| 337 |
Примечание о системных требованиях (электронные ресурсы) |
__ |
| a |
Примечание о системных требованиях (электронные ресурсы) |
Системные требования: CD-плеер с поддержкой MP3 или Pentium-223 с Windows 9-x-XP ; CD-ROM ; звуковая карта |
| 517 |
Другие варианты заглавия |
__ |
| a |
Другие варианты заглавия |
Тысяча девятьсот восемьдесят четвертый |
| 606 |
Тематические рубрики |
__ |
| a |
Основная рубрика |
Художественная литература |
| 606 |
Тематические рубрики |
__ |
| a |
Основная рубрика |
Литература Европы (произведения) |
| 610 |
Ключевые слова |
__ |
| a |
Ключевые слова |
аллегории |
| a |
Ключевые слова |
английская литература |
| a |
Ключевые слова |
антиутопии |
| a |
Ключевые слова |
романы |
| a |
Ключевые слова |
романы-антиутопии |
| a |
Ключевые слова |
социальные романы |
| a |
Ключевые слова |
тема общества |
| a |
Ключевые слова |
тема свободы |
| 686 |
Индексы других классификаций |
__ |
| 2 |
Код системы |
rubbks |
| a |
Классификационный индекс |
84(4Вел)6-4я04 |
| 700 |
Автор |
_1 |
| a |
Фамилия |
Оруэлл |
| b |
Имя |
Д. |
| f |
Даты |
1903-1950 |
| g |
Полное личное имя |
Джордж |
| 4 |
Код отношения |
070 |
| 702 |
Вторичная интеллектуальная ответственность |
_1 |
| a |
Фамилия |
Голышев |
| b |
Имя |
В. П. |
| 4 |
Код отношения |
Переводчик |
| c |
Титул (звания) |
переводчик |
| f |
Даты |
1937- |
| g |
Полное личное имя |
Виктор Петрович |
| 4 |
Код отношения |
730 |
| 801 |
Источник записи |
_0 |
| a |
Страна |
RU |
| b |
Организация |
Муниципальное бюджетное учреждение культуры "Централизованная библиотечная система" г. Сургут (Центральная городская библиотека им. А. С. Пушкина) |
| c |
Дата составления |
20161024 |
| g |
Правила каталогизации |
КиК/Котельникова |
| 801 |
Источник записи |
_1 |
| a |
Страна |
RU |
| b |
Организация |
Муниципальное бюджетное учреждение культуры "Централизованная библиотечная система" г. Сургут (Центральная городская библиотека им. А. С. Пушкина) |
| c |
Дата составления |
20161024 |
| g |
Правила каталогизации |
КиК/Котельникова |
| 852 |
Данные о местонахождении |
__ |
| j |
Шифр хранения |
84(4Вел)6-4я04 |
| i |
Авторский знак |
О-70 |
| 901 |
Тип документа |
__ |
| t |
Тип документа |
0 |
| 903 |
Характеристики (МАРС) |
__ |
| a |
Дата передачи |
20161024 |
| 969 |
Тип издания |
__ |
| a |
Тип издания |
аудиокнига; издание для слепых |
| 990 |
Данные о заказе (DOS) |
__ |
| j |
Количество экземпляров (DOS) |
2 |
| t |
N записи в КСУ для И/У (DOS) |
201610 |